000
00475nam a2200133Ia 4500
008
100328s9999 xx 000 0 und d
082
_b
61472
100
_a
वाटवे मालती कृष्ण.
245
_a
नामयाची अमृतवाणी.
260
_b
मानव गौरव प्रतिान.
630
_a
नामयाची अमृतवाणी.
730
_a
नामयाची अमृतवाणी.
942
_c
BOOK
999
_c
547559
_d
547556